| 000 | 00537 a2200205 4500 | ||
|---|---|---|---|
| 005 | 20260406153904.0 | ||
| 008 | 260406b |||||||| |||| 00| 0 eng d | ||
| 020 |
_a9789363860384 _cRs. 595.00 |
||
| 040 | _aMAIN | ||
| 082 |
_a005.74 _bB626S |
||
| 100 | _aBlum, Richard | ||
| 245 | _aSQL essentials for dummies | ||
| 260 |
_bWiley India _c2025 _aNew Delhi |
||
| 300 | _axi, 188 | ||
| 650 | _aComputer Science | ||
| 650 | _aData Files and Databases | ||
| 650 | _aDatabase Management | ||
| 700 | _aTaylor, Allen G | ||
| 942 | _cBK | ||
| 999 |
_c397235 _d397235 |
||